000 00874nam a2200289 a 4500
001 000112596
003 CHAP
005 20220329144314.0
008 160802s2015 mx a |r| ||||||spa d
010 _a109057
011 _a110029
020 _a9786077607694
040 _cCHAP
082 0 4 _a599.510972
_bA66
100 0 0 _aAranda Sánchez, Jaime Marcelo
_96508
245 1 0 _aManual para el rastreo de mamíferos silvestres de México /
_cpor Jaime Marcelo Aranda Sánchez.
260 _aMéxico, D. F. :
_bConabio,
_c2015.
300 _a255 p. :
_bil.
590 _aE11695DGD
_b10
_c20160922
_lUCH01
_h1002
590 _aE5765TAJ
_b05
_c20160802
_lUCH01
_h0846
650 1 4 _aMamíferos
_vCatalogos y colecciones.
_9130983
650 1 4 _aMamíferos
_xIdentificación.
_970248
650 1 4 _aMamíferos
_xMéxico.
_970251
901 _aBK
942 _cLIBRO
942 _n0
999 _c109057
_d109057